LEADER 01107nam a2200241 i 4500 001 000000168466 003 CaOOAMICUS 005 20080116000000.0 008 080116s2004 it u000 u ita u 013 $a145868 040 $aSeMil$bita 100 1 $aLeondi, Sergio.$0(OLS)http://semarc/name/50717 245 13$aLa Casa detta il Palazzo :$bstorie di uomini e di antichi mattoni: il Palazzo Mora a Pantigliate /$cSergio Leondi. 260 $aPantigliate :$bComune di Pantigliate,$ccopyr. 2004. 300 $a80 p. ;$c25 cm. 500 $aContiene : Bibliografia essenziale. - Dono del Card. Dionigi Tettamanzi. 650 4$aPantigliate - Palazzo Mora - Storia.$0(OLS)http://semarc/subject/32128 850 $aSeMil 852 $aSeMil$W1$xVenegono$y1$m3P I 49$j119531$B119531$CSeMilBibl$Z2$F133230 $81 941 1 $a5 961 $aOmaggio: Tettamanzi Card. Dionigi 996 $6245$aLa Casa detta il Palazzo :$bstorie di uomini e di antichi mattoni: il Palazzo Mora a Pantigliate$9(OLS)http://semarc/title/241014 996 $6260$aPantigliate :$bComune di Pantigliate$9(OLS)http://semarc/publisher/48757 LEADER 01312nam a2200301 i 4500 001 000000100867 003 CaOOAMICUS 005 20190620112901.0 008 120924s1997 xx u000 u und u 013 $a73019 020 $a88-420-5182-9 040 $aSeMil$bita 100 1 $aHéritier, Françoise,$d<1933-2017>.$0(OLS)http://semarc/name/43518 240 10$aMasculin-féminin :$bla pensée de la différence.$0(OLS)http://semarc/title/423832 245 10$aMaschile e femminile :$bil pensiero della differenza /$cFrançoise Héritier. 260 $aRoma :$bLaterza,$c1997. 300 $aXII, 232 p. :$bill. ;$c21 cm 490 1 $aSagittari Laterza ;$v103 650 4$aGender.$0(OLS)http://semarc/subject/15931 650 4$aAntropologia.$0(OLS)http://semarc/subject/617 650 4$aDifferenza sessuale.$0(OLS)http://semarc/subject/8496 830 0$aSagittari Laterza ;$v103.$0(OLS)http://semarc/title/6931 850 $aSeMil 852 $aSeMil$W1$xVenegono$y1$m2O VII 61$j213815$B57880$CSeMilBibl$Z2$F68378 $81 996 $6020$a88-420-5182-9$9(OLS)http://semarc/number/80686 996 $6245$aMaschile e femminile :$bil pensiero della differenza$9(OLS)http://semarc/title/147936 996 $6260$aRoma :$bLaterza$9(OLS)http://semarc/publisher/31353